000 00717cab a22002295a 4500
001 L149945
008 100519e20100501xxkad f s 000 0 eng d
035 _a(Sirsi) u149945
041 0 _aeng
100 1 _aBuckley, James
245 0 0 _aSpring in the City's Steps
260 _c2010
490 0 _aEstates Gazette
_v(1017) 1 May 2010 63-75 (12)
520 _aItem on the market, occupiers and funding in the London City and Docklands area. Includes a feature on the Pinnacle skyscraper scheme.
590 _aKA
651 4 _aLondon
690 _aPROPERTY-COMMERCIAL PROPERTY-COMMERCIAL PROPERTY MARKET
700 1 _aPhillips, Mike
700 1 _aSmith, Melanie
700 1 _aCunningham, Daniel
942 _n0
999 _c82343
_d82343